Estadísticas para Cultura General Fácil #3

Haz click aquí para intentar la prueba.

Estadísticas generales

  • Esta prueba ha sido intentada 2.251 veces
  • La puntuación promedio es 14 de 20

Estadísticas de respuestas

PreguntaRespuesta% Correcto
¿Cómo se conoce mejor el H2O?Agua
99%
¿Cuáles son los dos países más grandes del mundo por área?Rusia
99%
¿En qué película aparecieron Timón y Pumba?El rey León
91%
¿Qué objeto doméstico usan las brujas para volar?Escoba
91%
¿Cuáles son los dos países más grandes del mundo por área?Canadá
88%
¿Cuál es el idioma oficial de los Países Bajos?Neerlandés
85%
¿Qué compañía de cómics presentó a Spiderman, Capitán América y los X-Men?Marvel
84%
¿Y en qué país se encuentra esa ciudad?Brasil
81%
¿Cuál es la ciudad más poblada de Turquía?Estambul
77%
¿Qué partido político controló Alemania durante la Segunda Guerra Mundial?Partido Nazi
76%
¿Qué verdura es grande, morada y se usa para hacer baba ghanoush?Berenjena
75%
¿Qué ciudad fue sede de los Juegos Olímpicos de Verano de 2016?Rio de Janeiro
75%
¿Quién fue la primera persona en caminar sobre la luna?Neil Armstrong
74%
¿Qué nombre fue usado por al menos 18 reyes franceses diferentes?Luis
71%
¿Qué cofundador de Microsoft ha encabezado a menudo la lista de las personas más ricas del mundo?Bill Gates
70%
¿A qué ciudad importante llega el aeropuerto de Heathrow?Londres
59%
¿Qué instrumento musical tocaban Miles Davis y Dizzy Gillespie?Trompeta
42%
¿Cómo se llamaba el huevo que se sentó en una pared y tuvo una gran caída?Humpty Dumpty
24%
¿Qué personaje de televisión tenía las orejas puntiagudas, era extremadamente lógico y decía "larga vida y prosperidad"?Spock
24%
¿Quién flotaba como una mariposa y picaba como una abeja?Muhammad Ali
22%

Distribución de puntuación

Porcentaje por número respondido

Porcentaje de gente con cada puntuación

Historial de tus puntuaciones

No has intentado esta prueba.